Conjugaisons avoir espagnol - Statistiques

Statistiques générales
  • Ce quiz a été pris 93 fois
  • Le résultat moyen est 29 sur 61
Statistiques - réponses
verbe % Correct
avoir tener
100%
yo tengo
97%
él, ella, usted tiene
97%
tienes
97%
ellos, ellas, ustedes tienen
95%
vosostros tenéis
94%
nosostros tenemos
94%
yo tenía
69%
él, ella, usted tenía
69%
tenías
69%
vosostros teníais
68%
nosostros teníamos
68%
ellos, ellas, ustedes tenían
68%
1 Imparfait 1
57%
2 Futur 2
51%
yo tuve
51%
él, ella, usted tendrà
49%
ellos, ellas, ustedes tendràn
49%
tendràs
49%
yo tendré
49%
nosostros tuvimos
49%
ten
48%
ellos, ellas, ustedes tuvieron
48%
vosostros tendréis
46%
nosostros tendremos
46%
tuviste
46%
vosostros tuvisteis
46%
él, ella, usted tuvo
46%
3 Prétérit 3
45%
yo tenga
42%
9 Gérondif teniendo
42%
4 Impératif 4
40%
él, ella, usted tenga
40%
vosostros tengàis
40%
nosostros tengamos
40%
ellos, ellas, ustedes tengan
40%
tengas
40%
10 Participe passé tenido
40%
5 Subjonctif présent 5
38%
vosostros tened
38%
8 Conditionnel 8
37%
6 Subjonctif imparfait 6
35%
yo tendría
35%
él, ella, usted tendría
35%
vosostros tendríais
35%
nosostros tendríamos
35%
ellos, ellas, ustedes tendrían
35%
tendrías
35%
7 Subjonctif imparfait (2) 7
34%
yo tuviera
28%
él, ella, usted tuviera
28%
vosostros tuvierais
28%
nosostros tuviéramos
28%
ellos, ellas, ustedes tuvieran
28%
tuvieras
28%
yo tuviese
25%
él, ella, usted tuviese
25%
vosostros tuvieseis
25%
nosostros tuviésemos
25%
ellos, ellas, ustedes tuviesen
25%
tuvieses
25%
Aucun quiz correspondant
Distribution des résultats
% des personnes avec chaque résultat
Percentile par nombre de réponses
Votre historique - résultats
Vous n’avez pas pris ce quiz